[Event "Martorell op-B"]
[Site "Martorell"]
[Date "1997.??.??"]
[Round "3"]
[White "Humphrey Ventura, Bruce"]
[Black "Gusi Puig, Lionel"]
[Result "0-1"]
[WhiteElo "1805"]
[BlackElo "1940"]
[PlyCount "66"]
[EventDate "1997.09.??"]
[EventType "swiss"]
[EventRounds "8"]
[EventCountry "ESP"]
[SourceTitle "EXT 2003"]
[Source "ChessBase"]
[SourceDate "2002.11.25"]
[SourceVersion "1"]
[SourceVersionDate "2002.11.25"]
[SourceQuality "1"]

1. c4 c6 2. Nc3 Nf6 3. Nf3 d5 4. cxd5 Nxd5 5. Nxd5 Qxd5 6. e3 Bf5 7. d4 Nd7 8. Bd3 Bxd3 9. Qxd3 Nc5 10. Qc2 Ne4 11. 0-0 e6 12. Nd2 Nf6 13. Qb3 Qd7 14. Nc4 Be7 15. Ne5 Qc7 16. Bd2 h5 17. Ba5 b6 18. Bb4 Ng4 19. Bxe7 Kxe7 20. Nf3 Rh6 21. Rac1 Rc8 22. h3 Nf6 23. Qa3+ c5 24. dxc5 bxc5 25. Nd4 Qb6 26. Nb3 Nd7 27. Rc4 Rg6 28. Ra4 Rc7 29. Na5 Ne5 30. Nc4 Qc6 31. f3 Nxf3+ 32. Rxf3 Qxf3 33. Rxa7 Qxg2# 0-1

[Event "Terrassa op-B"]
[Site "Terrassa"]
[Date "1996.??.??"]
[Round "5"]
[White "Baguda Rigol, J."]
[Black "Gusi Puig, Lionel"]
[Result "0-1"]
[WhiteElo "1795"]
[BlackElo "1930"]
[PlyCount "46"]
[EventDate "1996.07.??"]
[EventType "swiss"]
[EventRounds "9"]
[EventCountry "ESP"]
[SourceTitle "EXT 2002"]
[Source "ChessBase"]
[SourceDate "2001.11.25"]
[SourceVersion "1"]
[SourceVersionDate "2001.11.25"]
[SourceQuality "1"]

1. e4 e5 2. Nf3 Nc6 3. Bc4 Nf6 4. Ng5 d5 5. exd5 Na5 6. Bb5+ c6 7. dxc6 bxc6 8. Be2 Bd6 9. d3 0-0 10. Ne4 Nxe4 11. dxe4 f5 12. Nc3 Qf6 13. 0-0 Bd7 14. Be3 Nb7 15. Qd2 f4 16. Rad1 fxe3 17. fxe3 Qe7 18. Ba6 Rxf1+ 19. Kxf1 Bg4 20. Bxb7 Rf8+ 21. Kg1 Bxd1 22. Qxd1 Qf7 23. Bxc6 Qf2+ 0-1

[Event "Terrassa op-B"]
[Site "Terrassa"]
[Date "1996.??.??"]
[Round "6"]
[White "Gusi Puig, Lionel"]
[Black "Asensio Villegas, Jose"]
[Result "1-0"]
[WhiteElo "1930"]
[BlackElo "1870"]
[PlyCount "45"]
[EventDate "1996.07.??"]
[EventType "swiss"]
[EventRounds "9"]
[EventCountry "ESP"]
[SourceTitle "EXT 2002"]
[Source "ChessBase"]
[SourceDate "2001.11.25"]
[SourceVersion "1"]
[SourceVersionDate "2001.11.25"]
[SourceQuality "1"]

1. e4 e5 2. d4 exd4 3. Nf3 Nc6 4. Bc4 Be7 5. Nxd4 d6 6. 0-0 Nxd4 7. Qxd4 Nf6 8. Nc3 Bd7 9. f4 0-0 10. b3 b6 11. Kh1 Qc8 12. Bb2 c5 13. Qd3 Bc6 14. Bd5 Qb7 15. Rad1 Rad8 16. Rf3 Bxd5 17. Nxd5 Nxd5 18. exd5 Kh8 19. Rh3 f5 20. Qg3 Bf6 21. Qg6 h6 22. Rxh6+ gxh6 23. Bxf6+ 1-0

[Event "Terrassa op-B"]
[Site "Terrassa"]
[Date "1996.??.??"]
[Round "4"]
[White "Gusi Puig, Lionel"]
[Black "Dionisio Gutierrez, JM."]
[Result "0-1"]
[WhiteElo "1930"]
[BlackElo "1855"]
[PlyCount "80"]
[EventDate "1996.07.??"]
[EventType "swiss"]
[EventRounds "9"]
[EventCountry "ESP"]
[SourceTitle "EXT 2002"]
[Source "ChessBase"]
[SourceDate "2001.11.25"]
[SourceVersion "1"]
[SourceVersionDate "2001.11.25"]
[SourceQuality "1"]

1. e4 e6 2. d4 d5 3. exd5 exd5 4. Nf3 Nf6 5. Nc3 c6 6. Be2 Be7 7. Bf4 Bf5 8. 0-0 0-0 9. Re1 Nbd7 10. Nh4 Be6 11. Bd3 Nb6 12. Be5 Bd6 13. Re3 Bxe5 14. dxe5 Ng4 15. Rh3 Nh6 16. Qf3 Bxh3 17. Qxh3 Qg5 18. Nf5 Nxf5 19. Bxf5 g6 20. Qg4 Qxg4 21. Bxg4 Nc4 22. f4 Ne3 23. Bd1 Nxd1 24. Rxd1 Rae8 25. Re1 f6 26. e6 f5 27. Re5 Rf6 28. e7 Kf7 29. Kf2 Rxe7 30. Rxe7+ Kxe7 31. Kf3 Re6 32. Ne2 c5 33. Nc3 d4 34. Ne2 Kd6 35. Kf2 Kd5 36. Nc1 c4 37. b3 cxb3 38. Nxb3 Kc4 39. Na5+ Kc3 40. Nxb7 Kxc2 0-1